中央東線 駅名穴埋め - Statistics

General Stats
  • This quiz has been taken 17 times
  • The average score is 56 of 65
Answer Stats
ナンバリング 駅名 % Correct
JC02 神田
100%
JC03 御茶ノ水
100%
JC04 四ツ谷
100%
JC05 新宿
100%
JC06 中野
100%
JC07 高円寺
100%
JC09 荻窪
100%
JC10 西荻窪
100%
JC11 吉祥寺
100%
JC12 三鷹
100%
JC13 武蔵境
100%
JC15 武蔵小金井
100%
JC16 国分寺
100%
JC17 西国分寺
100%
JC18 国立
100%
JC19 立川
100%
JC20 日野
100%
JC21 豊田
100%
JC22 八王子
100%
JC23 西八王子
100%
JC01 東京
100%
JC14 東小金井
94%
JC24 相模湖
94%
JC25 相模湖
94%
JC27 上野原
94%
JC28 四方津
94%
JC31 猿橋
94%
JC32 大月
94%
CO36 勝沼ぶどう郷
94%
CO43 甲府
94%
上諏訪
94%
下諏訪
94%
JC08 阿佐ケ谷
88%
JC26 藤野
88%
JC30 鳥沢
88%
CO39 山梨市
88%
CO44 竜王
88%
CO46 韮崎
88%
みどり湖
88%
塩尻
88%
支線 辰野
88%
JC29 梁川
81%
CO35 甲斐大和
81%
CO41 石和温泉
81%
CO51 小淵沢
81%
茅野
81%
岡谷
81%
CO37 塩山
81%
CO34 笹子
75%
CO38 東山梨
75%
富士見
75%
すずらんの里
75%
CO33 初狩
69%
CO40 春日居町
69%
CO42 酒折
69%
CO45 塩崎
69%
CO48 穴山
69%
CO50 長坂
69%
青柳
69%
CO49 日野春
63%
CO47 新府
56%
信濃境
56%
支線 川岸
50%
支線 信濃川島
50%
支線 小野
50%
No matching quizzes found
Score Distribution
Percent of People with Each Score
Percentile by Number Answered
Your Score History
You have not taken this quiz